000 00743nam a2200157Ia 4500
008 100204s9999 xx 000 0 und d
082 _b23843
100 _aदासगुप्ता चितानंद
245 _aअभिजात सत्यजित राय यांची चित्रसंपदा
260 _b"ग्रंथाली प्रकाशन , मुंबई"
_c1997 2
300 _a160
630 _aअभिजात सत्यजित राय यांची चित्रसंपदा
700 _aनांदगावकर सुधीर
730 _aअभिजात सत्यजित राय यांची चित्रसंपदा
942 _cBOOK
999 _c469016
_d469013